000
00221nam a22000857a 4500
008
170111b xxu||||| |||| 00| 0 eng d
100
_9
2320
_a
Gupta.R.
245
_a
Indian Economic Development-XI
260
_a
New Delhi
_b
GPH
_c
2008
999
_c
5252
_d
5252